Automotive report 2007 : Saint Peterburg : The New Detroit of Russia?.

Bibliographic Details
Format: Book
Published: Moskau: Swiss Business Hub Russia, 2007.
Subjects:
LEADER 00533cam a2200145 7i4500
001 0000023717
005 20091022090000.0
090 0 0 |a RUSS 380.1456292021   |b AUT 
245 0 0 |a Automotive report 2007 :   |b Saint Peterburg : The New Detroit of Russia?. 
260 0 0 |a Moskau:   |b Swiss Business Hub Russia,   |c 2007. 
300 # # |a 39 p. 
650 0 0 |a Automobiles supplies industry --   |x Markets --   |z Russia  
650 0 0 |a Automobile industry and trade --   |x Markets --   |z Russia  
651 0 0 |a Russia  
999 |a 0000025204  |b Book  |c Countries  |e Business Information Centre